The educational system of China as recently reconstructed / (Record no. 19264)

MARC details
000 -LEADER
fixed length control field 01172cam a22002891a 4500
001 - CONTROL NUMBER
control field e 11002178
003 - CONTROL NUMBER IDENTIFIER
control field DLC
005 - DATE AND TIME OF LATEST TRANSACTION
control field 20260227111156.0
007 - PHYSICAL DESCRIPTION FIXED FIELD--GENERAL INFORMATION
fixed length control field cr_|||||||||||
008 - FIXED-LENGTH DATA ELEMENTS--GENERAL INFORMATION
fixed length control field 830823s1911 dcu b f000 0 eng c
010 ## - LIBRARY OF CONGRESS CONTROL NUMBER
LC control number e 11002178
035 ## - SYSTEM CONTROL NUMBER
System control number (OCoLC)9837057
040 ## - CATALOGING SOURCE
Original cataloging agency Library, U.S. Office of Education
Transcribing agency ABAU
Modifying agency ABAU
-- DLC
042 ## - AUTHENTICATION CODE
Authentication code premarc
050 00 - LIBRARY OF CONGRESS CALL NUMBER
Classification number L111
Item number .A6 1911, no. 15
051 ## - LIBRARY OF CONGRESS COPY, ISSUE, OFFPRINT STATEMENT
Classification number LA1131
Item number .K5
100 1# - MAIN ENTRY--PERSONAL NAME
Personal name King, Harry Edwin
245 14 - TITLE STATEMENT
Title The educational system of China as recently reconstructed /
Statement of responsibility, etc. by Harry Edwin King.
260 ## - PUBLICATION, DISTRIBUTION, ETC.
Place of publication, distribution, etc. Washington :
Name of publisher, distributor, etc. G.P.O.,
Date of publication, distribution, etc. 1911.
300 ## - PHYSICAL DESCRIPTION
Extent 105 p. ;
Dimensions 23 cm.
490 0# - SERIES STATEMENT
Series statement Bulletin / U.S. Bureau of Education ;
Volume/sequential designation 1911, no. 15 = Whole no. 462
501 ## - WITH NOTE
With note L111.A6 with: Training of teachers of elementary and secondary mathematics / International Commission on the Teaching of Mathematics. Washington : Govt. Print. Off., 1911. Bound together subsequent to publication.
Institution to which field applies DLC
504 ## - BIBLIOGRAPHY, ETC. NOTE
Bibliography, etc. note Bibliography: p. 104-105.
530 ## - ADDITIONAL PHYSICAL FORM AVAILABLE NOTE
Additional physical form available note Also available in digital form on the Internet Archive Web site.
650 #0 - SUBJECT ADDED ENTRY--TOPICAL TERM
Topical term or geographic name entry element Education
Geographic subdivision China.
856 41 - ELECTRONIC LOCATION AND ACCESS
Uniform Resource Identifier <a href="http://hdl.loc.gov/loc.gdc/scd0001.00209751124">http://hdl.loc.gov/loc.gdc/scd0001.00209751124</a>

No items available.

Powered by Koha